Recombinant DNA biotechnology : A guide for students

Burlington, NC. Basic text focusing on the fundamentals of molecular biology and modern biotechnology. Includes activities, basic laboratory procedures and questions. For undergraduates. Softcover.

Gorde:
Xehetasun bibliografikoak
Egile nagusia: Kreuzer, Helen
Formatua: Liburua
Hizkuntza:Undetermined
Argitaratua: Washington, D.C. ASM Press 1996
Gaiak:
Etiketak: Etiketa erantsi
Etiketarik gabe, Izan zaitez lehena erregistro honi etiketa jartzen!
Thư viện lưu trữ: Trung tâm Học liệu Trường Đại học Cần Thơ
LEADER 00861nam a2200217Ia 4500
001 CTU_158697
008 210402s9999 xx 000 0 und d
020 |c 104.52 
082 |a 660.65 
082 |b K92 
100 |a Kreuzer, Helen 
245 0 |a Recombinant DNA biotechnology : 
245 2 |b A guide for students 
245 0 |c Helen Kreuzer, Adrianne Massey 
260 |a Washington, D.C. 
260 |b ASM Press 
260 |c 1996 
520 |a Burlington, NC. Basic text focusing on the fundamentals of molecular biology and modern biotechnology. Includes activities, basic laboratory procedures and questions. For undergraduates. Softcover. 
650 |a Recombinant DNA,Biotechnology,Genetic engineering,Công nghệ sinh học,Công nghệ di truyền 
904 |i Thơ, Năm 
980 |a Trung tâm Học liệu Trường Đại học Cần Thơ